| 000 | 01569nam a2200469 i 4500 | ||
|---|---|---|---|
| 001 | 52114 | ||
| 003 | KOSZ 005 | ||
| 005 | 20210902131432.0 | ||
| 008 | 070809s2006 pl f f |000 0 pol | ||
| 020 | _a8388840630 | ||
| 040 |
_cKOSZ 005 _aKOSZ 005 _dKOSZ 005/HR |
||
| 041 | 0 | _apol | |
| 046 | _k2006 | ||
| 080 | _a347.2(438) | ||
| 080 | _a332.7(438) | ||
| 080 | _a(075.8) | ||
| 245 | 0 | 0 |
_aWprowadzenie do zarządzania nieruchomością : _bpraca zbiorowa / _cpod red. Marka Bryxa. |
| 250 | _aWyd. 2 zm., rozsz. i uzup. | ||
| 260 |
_aWarszawa : _b"Poltext", _c2006. |
||
| 300 |
_a292 s. ; _c24 cm. |
||
| 336 |
_2rdacontent _aTekst _btxt |
||
| 337 |
_2rdamedia _aBez urządenia pośredniczącego _bn |
||
| 338 |
_2rdacarrier _aWolumin _bnc |
||
| 380 | _aKsiążki | ||
| 380 | _aPublikacje dydaktyczne | ||
| 385 |
_mPoziom nauczania _aSzkoły wyższe |
||
| 388 | _a2001- | ||
| 490 | 1 | _aNieruchomości | |
| 504 | _aBibliogr., wykaz aktów prawnych. | ||
| 650 | 7 | _aZarządzanie nieruchomościami | |
| 650 | 7 | _aPrawo gospodarki nieruchomościami | |
| 651 | 7 | _aPolska | |
| 655 | 7 | _aPodręczniki akademickie | |
| 655 | 7 | _aPraca zbiorowa | |
| 658 | _aGospodarka, ekonomia, finanse | ||
| 658 | _aPrawo i wymiar sprawiedliwości | ||
| 700 | 1 |
_aBryx Marek _d(1953- ) _eRedakcja |
|
| 710 | 2 |
_aWydawnictwo Poltext _4pbl. |
|
| 830 | _aNieruchomości - Poltext | ||
| 856 |
_uhttp://koha.tu.koszalin.pl/cgi-bin/koha/opac-detail.pl?biblionumber=52114 _yKatalog online BPK |
||
| 942 |
_cKS _2UKD |
||
| 999 |
_c52114 _d52114 |
||